000 00752cam a2200217 a 4500
001 000018099
005 20200929165344.0
008 830415s1970 pn f001 f spa d
040 _aDO-SdBNP
_bspa
_cDLC
_dBNPHU
082 _aP863.44
_bB428f
100 1 _aBeleño C., Joaquín,
_d1922-1988
_939237
245 1 0 _aFlor de banana :
_bnovela /
_cJoaquín Beleño C.
260 _aPanamá :
_bDirección de Cultura del Ministerio de Educación,
_c1970.
300 _a248 p. ;
_c17 cm.
500 _aTítulo de la cubierta: Flor de banana (Noche de fruta).
586 _aPrimer premio concurso Ricardo Miró, 1965
650 4 _aNovela panameña
_921757
650 4 _aLiteratura panameña
_94261
910 _aCatalogación por copia / LC
049 _aBNGR
999 _c17621
_d17621